000 00886nam a2200253 i 4500
001 184949
003 SpMaBN
005 20250809155827.0
008 160225s1984 sp |||| |dspa d
020 _a84-276-0656-7
080 _a1 Séneca, Lucio Anneo
080 _a821.124-96"00"
100 1 _aSéneca, Lucio Anneo.
_9105451
245 1 0 _aDiálogos /
_cL. Anneo Séneca ; edición preparada por Carmen Codoñer.
260 _aMadrid :
_bEditora Nacional,
_c[1984]
300 _a510 p. ;
_c18 cm.
490 1 _aBiblioteca de la literatura y el pensamiento hispánicos ;
_v59
500 _aÍndice onomástico.
504 _aBibliografía: p. 37.
700 1 _aCodoñer Merino, Carmen
_939444
830 0 _aBiblioteca de la literatura y el pensamiento hispánicos ;
_v59
_9180925
852 _aES-MaACL
_jL-30221
_z. - Donat. Miguel A. Velasco
999 _c184949
_d184949